000 00406nam a2200181Ia 4500
005 20250109045227.0
008 240331s9999 xx 000 0 und d
020 _a0415084016
082 _bSTE
_23792
_a305.3
100 _aGarrett, S
245 0 _aGender
260 _bTavistock Publicatons Ltd
_c1987
300 _aviii, 167 p.,
650 _aGender
650 _aWomen
650 _aMen
942 _cL
999 _c1569
_d1569